Loading...
Fine Arts - Classical Music | 4 | 12.50 | 75% | 50% | 0% |
Fine Arts - Other Fine Arts | 3 | 6.67 | 67% | 0% | 0% |
Fine Arts - Visual Fine Arts | 3 | 13.33 | 0% | 67% | 67% |
Geography/Current Events | 2 | 15.00 | 100% | 50% | 0% |
History - American History | 2 | 15.00 | 100% | 0% | 50% |
History - European History | 3 | 16.67 | 100% | 67% | 0% |
History - Other History | 2 | 20.00 | 100% | 100% | 0% |
History - World History | 3 | 20.00 | 100% | 33% | 67% |
Literature - American Literature | 5 | 8.00 | 80% | 0% | 0% |
Literature - British Literature | 4 | 7.50 | 50% | 25% | 0% |
Literature - European Literature | 5 | 14.00 | 100% | 40% | 0% |
Literature - World/Other Literature | 7 | 14.29 | 100% | 29% | 14% |
Mythology | 5 | 16.00 | 80% | 60% | 20% |
Other Academic | 2 | 15.00 | 100% | 0% | 50% |
Philosophy | 4 | 12.50 | 100% | 25% | 0% |
Religion | 2 | 10.00 | 100% | 0% | 0% |
Science - Biology | 4 | 12.50 | 100% | 25% | 0% |
Science - Chemistry | 6 | 10.00 | 50% | 17% | 33% |
Science - Other Science | 5 | 16.00 | 100% | 60% | 0% |
Science - Physics | 2 | 5.00 | 50% | 0% | 0% |
Social Science | 4 | 10.00 | 75% | 25% | 0% |